000 00535nam a2200193Ia 4500
003 OSt
005 20200825122050.0
008 190216s9999||||xx |||||||||||||| ||und||
020 _a0074630393
040 _coclc
082 _a539
_bBEI/C
100 _a Beiser, Arthur
_94331
245 0 _aConcepts Of Modern Physics /
_cArthur Beiser
250 _a5th Ed.
260 _bTata Mcgraw -hill Publishing,
_c1998.
_aNew Delhi:
300 _a534p
650 _aPhysics
942 _cBK
_2ddc
_h539
_iBEI/C
_k539
_mBEI/C
999 _c33319
_d33319